000 00587nam a2200145 a 4500
008 120712s1968 ||||||||||||||||| || u
050 _aJC 330 Bur
100 _aBurns, Arthur Lee
245 1 0 _aOf powers and their politics: a critique of theoretical approaches
_cby Arthur Lee Burns
260 _aEnglewood Cliffs, NJ:
_bPrentice-Hall
_c1968
300 _axv, 299p.: ill.
500 _aBibliography
650 0 _aPOWER (SOCIAL SCIENCES)
995 _aSPECIAL COLLECTIONS
_e500093
_FCBU-DAG HAMMARSKJOLD INSTITUTE LIBRARY
_jDAG JC 330 Bur
_M1
_UAVAILABLE
_WSep 3, 2012
_y500093
_ZDHIPS Book Collection
999 _c388
_d388